000 00571nam a2200121Ia 4500
008 220620s9999||||xx |||||||||||||| ||und||
100 _aCarniel, Roberto||Guzmán, Silvina
245 0 _aChapter Machine Learning in Volcanology: A Review
546 _aEnglish[eng]
650 _amachine learning, volcano seismology, volcano geophysics, volcano geochemistry, volcano geology, data reduction, feature vectors
856 _uhttps://library.oapen.org/bitstream/20.500.12657/49362/1/73667.pdf||https://library.oapen.org/bitstream/20.500.12657/49362/1/73667.pdf
942 _cEB
999 _c26936
_d26936